[Event "Liffre op"]
[Site "Liffre"]
[Date "2023.10.23"]
[Round "4"]
[White "Bailet, Pierre"]
[Black "Le Goff, Damien"]
[Result "1-0"]
[WhiteElo "2501"]
[BlackElo "2253"]
[PlyCount "107"]
[EventDate "2023.10.21"]
[EventType "swiss"]
[EventRounds "9"]
[EventCountry "FRA"]
[SourceTitle "EXT 2025"]
[Source "ChessBase"]
[SourceDate "2024.10.14"]
[SourceVersion "1"]
[SourceVersionDate "2024.10.14"]
[SourceQuality "1"]

1. g3 d5 2. Nf3 g6 3. Bg2 Bg7 4. d4 c6 5. 0-0 Nf6 6. Nbd2 0-0 7. c4 a5 8. Re1 Bf5 9. b3 Qb6 10. Ba3 Re8 11. Rc1 Na6 12. Bb2 a4 13. c5 Qa7 14. Bc3 Nc7 15. e3 axb3 16. axb3 Nb5 17. Bb4 Nc7 18. Ra1 Qb8 19. Rxa8 Qxa8 20. Qa1 Nd7 21. Bf1 e5 22. dxe5 Nxe5 23. Nxe5 Bxe5 24. Bc3 Qxa1 25. Bxa1 Bxa1 26. Rxa1 Ra8 27. Rxa8+ Nxa8 28. b4 Nc7 29. Nb3 Kf8 30. f3 Ke7 31. Kf2 Bd7 32. h4 h6 33. Bd3 Kf6 34. g4 g5 35. Kg3 Ke7 36. Nd4 f6 37. f4 gxf4+ 38. exf4 Kf8 39. g5 fxg5 40. fxg5 hxg5 41. hxg5 Ke7 42. Kf4 Ne6+ 43. Nxe6 Bxe6 44. Ke5 Bg4 45. g6 Bh3 46. Be2 Be6 47. g7 Bg8 48. Bg4 Kd8 49. Kd6 d4 50. Be6 Bh7 51. g8Q+ Bxg8 52. Bxg8 d3 53. Be6 d2 54. Bg4 1-0

[Event "Fagernes op"]
[Site "Fagernes"]
[Date "2022.04.17"]
[Round "9"]
[White "Le Goff, Damien"]
[Black "Mansoor, Afras"]
[Result "1-0"]
[WhiteElo "2290"]
[BlackElo "2033"]
[PlyCount "135"]
[EventDate "2022.04.10"]
[EventType "swiss"]
[EventRounds "9"]
[EventCountry "NOR"]
[SourceTitle "CBM 207 Extra"]
[Source "ChessBase"]
[SourceDate "2022.05.31"]
[SourceVersion "1"]
[SourceVersionDate "2022.05.31"]
[SourceQuality "1"]

1. d4 Nf6 2. c4 e6 3. Nf3 d5 4. Nc3 Bb4 5. cxd5 exd5 6. Bg5 h6 7. Bh4 0-0 8. e3 Bf5 9. Qb3 Bxc3+ 10. Qxc3 Nbd7 11. Nd2 Rc8 12. b4 a5 13. a3 Ne4 14. Nxe4 Qxh4 15. Ng3 Bg6 16. Bd3 Bxd3 17. Qxd3 f5 18. Ne2 Qe4 19. Qxe4 fxe4 20. Nc3 c6 21. bxa5 Ra8 22. Rb1 Rfb8 23. Ke2 Rxa5 24. a4 Kf7 25. Rb2 Ke6 26. Rhb1 b6 27. f3 exf3+ 28. gxf3 c5 29. Rg1 g5 30. h4 cxd4 31. exd4 Kf5 32. hxg5 hxg5 33. Kd3 Rh8 34. Rbg2 Rh5 35. Rg3 Nf8 36. Rb1 Rh6 37. Rgg1 Ne6 38. Rbe1 Nf4+ 39. Kc2 Re6 40. Rxe6 Nxe6 41. Kd3 Nf4+ 42. Kd2 Ra8 43. Rb1 Rc8 44. Rxb6 Rc4 45. a5 Rxd4+ 46. Kc2 Ne6 47. a6 Nc7 48. a7 Rc4 49. Rb7 Na8 50. Rb8 Nc7 51. Kd3 Rc5 52. Rc8 Rxc3+ 53. Kxc3 Nb5+ 54. Kb4 Nxa7 55. Rc7 Kf4 56. Rxa7 Kxf3 57. Rf7+ Ke3 58. Rg7 Kf4 59. Kc3 g4 60. Kd3 Kf3 61. Rf7+ Kg2 62. Ke2 g3 63. Rd7 Kh1 64. Rxd5 g2 65. Rh5+ Kg1 66. Rg5 Kh2 67. Kf2 Kh1 68. Rh5# 1-0

[Event "Fagernes op"]
[Site "Fagernes"]
[Date "2022.04.12"]
[Round "3"]
[White "Melaa, Sondre Lillestol"]
[Black "Le Goff, Damien"]
[Result "1/2-1/2"]
[WhiteElo "2120"]
[BlackElo "2290"]
[PlyCount "42"]
[EventDate "2022.04.10"]
[EventType "swiss"]
[EventRounds "9"]
[EventCountry "NOR"]
[SourceTitle "CBM 207 Extra"]
[Source "ChessBase"]
[SourceDate "2022.05.31"]
[SourceVersion "1"]
[SourceVersionDate "2022.05.31"]
[SourceQuality "1"]

1. d4 d5 2. c4 c6 3. Nf3 Nf6 4. Nc3 e6 5. e3 Nbd7 6. Bd3 dxc4 7. Bxc4 b5 8. Bb3 b4 9. Ne2 Bb7 10. 0-0 c5 11. Ng3 Bd6 12. Qe2 0-0 13. Bc2 Qb6 14. b3 cxd4 15. Nxd4 Nc5 16. Rd1 Rac8 17. Bb2 Rfd8 18. Rac1 Bxg3 19. hxg3 Nce4 20. Bd3 Nc3 21. Bxc3 bxc3 1/2-1/2

[Event "Fagernes op"]
[Site "Fagernes"]
[Date "2022.04.10"]
[Round "1"]
[White "Le Goff, Damien"]
[Black "Le Montagner, Yoann"]
[Result "1-0"]
[WhiteElo "2290"]
[BlackElo "2035"]
[PlyCount "75"]
[EventDate "2022.04.10"]
[EventType "swiss"]
[EventRounds "9"]
[EventCountry "NOR"]
[SourceTitle "CBM 207 Extra"]
[Source "ChessBase"]
[SourceDate "2022.05.31"]
[SourceVersion "1"]
[SourceVersionDate "2022.05.31"]
[SourceQuality "1"]

1. Nf3 Nf6 2. c4 g6 3. Nc3 Bg7 4. g3 0-0 5. Bg2 c6 6. d4 d5 7. cxd5 cxd5 8. Ne5 Bf5 9. 0-0 Ne4 10. Qb3 Nc6 11. Nxc6 bxc6 12. Nxe4 Bxe4 13. Bxe4 dxe4 14. Rd1 Rb8 15. Qc2 Rb4 16. e3 Qd5 17. b3 Rc8 18. Ba3 Rb7 19. Rac1 e6 20. Qd2 Rb5 21. Rc5 Rxc5 22. Bxc5 Rc7 23. Qb4 Rd7 24. Qb8+ Rd8 25. Qxa7 e5 26. Bb6 Re8 27. Qa5 Qd7 28. d5 Qg4 29. Qd2 cxd5 30. Qxd5 Qe2 31. a4 h5 32. h4 Bf6 33. Rc1 Bxh4 34. Qd7 Rb8 35. gxh4 Kg7 36. Bc7 Rxb3 37. Bxe5+ Kh6 38. Qc8 1-0

[Event "Titled Tuesday intern op 23rd Nov"]
[Site "Chess.com INT"]
[Date "2021.11.23"]
[Round "7"]
[White "Le Goff, Damien"]
[Black "Manukyan, Sargis A"]
[Result "0-1"]
[WhiteElo "2315"]
[BlackElo "2113"]
[PlyCount "54"]
[EventDate "2021.11.23"]
[EventType "swiss (blitz)"]
[EventRounds "11"]
[EventCountry "USA"]
[SourceTitle "CBM 205 Extra"]
[Source "ChessBase"]
[SourceDate "2022.01.31"]
[SourceVersion "1"]
[SourceVersionDate "2022.01.31"]
[SourceQuality "1"]

1. e4 c5 2. Nf3 d6 3. Bb5+ Bd7 4. Bxd7+ Qxd7 5. 0-0 Nc6 6. c3 Nf6 7. Re1 e6 8. d4 cxd4 9. cxd4 d5 10. e5 Ne4 11. Nc3 Nxc3 12. bxc3 Be7 13. h4 0-0 14. Bg5 Rfc8 15. Bxe7 Nxe7 16. g4 Rxc3 17. Re3 Rac8 18. h5 Rxe3 19. fxe3 h6 20. Rc1 Rxc1 21. Qxc1 Qc6 22. Qd2 b6 23. Kf2 a5 24. Kg3 Qc4 25. g5 hxg5 26. Nxg5 Qf1 27. Nf3 Nf5+ 0-1

[Event "Titled Tuesday intern op 23rd Nov"]
[Site "Chess.com INT"]
[Date "2021.11.23"]
[Round "1"]
[White "Lysyj, Igor"]
[Black "Le Goff, Damien"]
[Result "1-0"]
[WhiteElo "2603"]
[BlackElo "2315"]
[PlyCount "35"]
[EventDate "2021.11.23"]
[EventType "swiss (blitz)"]
[EventRounds "11"]
[EventCountry "USA"]
[SourceTitle "CBM 205 Extra"]
[Source "ChessBase"]
[SourceDate "2022.01.31"]
[SourceVersion "1"]
[SourceVersionDate "2022.01.31"]
[SourceQuality "1"]

1. d4 d5 2. c4 e6 3. Nf3 a6 4. cxd5 exd5 5. Nc3 c6 6. Bf4 Nf6 7. e3 c5 8. Bd3 Nc6 9. 0-0 c4 10. Bc2 Bb4 11. Ne5 0-0 12. Bg5 Bxc3 13. bxc3 h6 14. Bh4 Qd6 15. Nxc6 bxc6 16. f3 Re8 17. Qd2 Rb8 18. Bg3 1-0

[Event "Titled Tuesday intern op 23rd Nov"]
[Site "Chess.com INT"]
[Date "2021.11.23"]
[Round "6"]
[White "Ptacnikova, Lenka"]
[Black "Le Goff, Damien"]
[Result "0-1"]
[WhiteElo "2200"]
[BlackElo "2315"]
[PlyCount "144"]
[EventDate "2021.11.23"]
[EventType "swiss (blitz)"]
[EventRounds "11"]
[EventCountry "USA"]
[SourceTitle "CBM 205 Extra"]
[Source "ChessBase"]
[SourceDate "2022.01.31"]
[SourceVersion "1"]
[SourceVersionDate "2022.01.31"]
[SourceQuality "1"]

1. c4 c6 2. Nf3 d5 3. b3 Nf6 4. Bb2 Bf5 5. e3 h6 6. Be2 e6 7. 0-0 Be7 8. d4 0-0 9. Nc3 Nbd7 10. cxd5 exd5 11. Na4 Bd6 12. Rc1 Qe7 13. h3 Ne4 14. Nc3 Rae8 15. Nxe4 dxe4 16. Nd2 Qh4 17. Bg4 Bxg4 18. Qxg4 Qxg4 19. hxg4 Nf6 20. Nc4 Bc7 21. Ne5 Bxe5 22. dxe5 Nxg4 23. Rc4 Nxe5 24. Rxe4 Nd3 25. Rxe8 Rxe8 26. Bc3 Nc5 27. Rd1 Ne4 28. Bb2 Re7 29. f3 Nf6 30. e4 Rd7 31. Rxd7 Nxd7 32. Kf2 f6 33. Ke3 Kf7 34. f4 Ke6 35. f5+ Kd6 36. Ba3+ c5 37. b4 b6 38. bxc5+ bxc5 39. Kd3 Ne5+ 40. Kc3 Kc6 41. Bc1 Kb5 42. Be3 a5 43. Bf4 a4 44. Be3 Nc4 45. Bf4 Ne5 46. Be3 Kc6 47. Bf4 Kb6 48. Be3 h5 49. Bf4 Kb5 50. Be3 Kc6 51. Bf4 Nf7 52. Kc4 Nd6+ 53. Kd3 Nb5 54. Kc4 Nd4 55. Be3 Nb5 56. Bxc5 Nd6+ 57. Kd4 Nxe4 58. Bf8 Ng3 59. Ke3 Nxf5+ 60. Kf4 g6 61. g4 hxg4 62. Kxg4 Kd5 63. Kf4 Ke6 64. Bc5 Ne7 65. Bb4 g5+ 66. Kg4 Nd5 67. Bd2 Nf4 68. Be3 Ng6 69. Bd2 Ne5+ 70. Kh5 Kf5 71. Bb4 Nd3 72. Be7 Nf4+ 0-1

[Event "Titled Tuesday intern op 23rd Nov"]
[Site "Chess.com INT"]
[Date "2021.11.23"]
[Round "4"]
[White "Richterova, Natasa"]
[Black "Le Goff, Damien"]
[Result "1-0"]
[WhiteElo "2185"]
[BlackElo "2315"]
[PlyCount "97"]
[EventDate "2021.11.23"]
[EventType "swiss (blitz)"]
[EventRounds "11"]
[EventCountry "USA"]
[SourceTitle "CBM 205 Extra"]
[Source "ChessBase"]
[SourceDate "2022.01.31"]
[SourceVersion "1"]
[SourceVersionDate "2022.01.31"]
[SourceQuality "1"]

1. e4 c6 2. d4 d5 3. Nd2 dxe4 4. Nxe4 Nf6 5. Ng3 h5 6. h3 h4 7. N3e2 c5 8. Nf3 Nc6 9. Bf4 cxd4 10. Nexd4 Nxd4 11. Qxd4 Qxd4 12. Nxd4 a6 13. 0-0-0 Bd7 14. Nf3 Ne4 15. Be3 f6 16. Bd3 Bc6 17. Nd4 Nc5 18. Nxc6 Nxd3+ 19. Rxd3 bxc6 20. Rc3 Rc8 21. Rd1 Rh5 22. Bc5 Rd5 23. b4 Rxd1+ 24. Kxd1 e5 25. f3 Bxc5 26. Rxc5 Kd7 27. Ra5 Ra8 28. Kd2 Kc7 29. Kd3 Kb6 30. c4 Rd8+ 31. Ke2 Rd4 32. Rc5 g5 33. a4 a5 34. Rxa5 Rxc4 35. Ra8 Rxb4 36. Rf8 Rf4 37. Ke3 c5 38. Kd3 Kc6 39. Rc8+ Kd7 40. Rxc5 Rxa4 41. Rc2 Ke6 42. Ke3 Kf5 43. Ke2 Kf4 44. Kf2 f5 45. Re2 Rb4 46. Ra2 Ra4 47. Rxa4+ e4 48. fxe4 fxe4 49. Rb4 1-0

[Event "Titled Tuesday intern op 21st Sept"]
[Site "Chess.com INT"]
[Date "2021.09.21"]
[Round "1"]
[White "Hnydiuk, Aleksander"]
[Black "Le Goff, Damien"]
[Result "1/2-1/2"]
[WhiteElo "2406"]
[BlackElo "2342"]
[PlyCount "254"]
[EventDate "2021.09.21"]
[EventType "swiss (blitz)"]
[EventRounds "9"]
[EventCountry "USA"]
[SourceTitle "EXT 2022"]
[Source "ChessBase"]
[SourceDate "2021.10.06"]
[SourceVersion "1"]
[SourceVersionDate "2021.10.06"]
[SourceQuality "1"]

1. e4 e6 2. d4 d5 3. Nd2 c5 4. exd5 Qxd5 5. Ngf3 cxd4 6. Bc4 Qd6 7. 0-0 Nf6 8. Nb3 Nc6 9. Nbxd4 Nxd4 10. Nxd4 Be7 11. Nb5 Qc6 12. Qe2 0-0 13. Bf4 a6 14. Nd4 Qc5 15. Be3 Qc7 16. a4 Bd7 17. Bb3 e5 18. Bg5 Rfe8 19. Nf3 h6 20. Bh4 Bg4 21. Qc4 Qxc4 22. Bxc4 Bxf3 23. gxf3 Rac8 24. Bb3 Nd7 25. Bxe7 Rxe7 26. c3 Nc5 27. Bc2 Rd8 28. Rfd1 Red7 29. Rxd7 Rxd7 30. Rd1 Rxd1+ 31. Bxd1 Ne6 32. a5 Kf8 33. Bb3 Nf4 34. Bc2 Ne6 35. Be4 Nd8 36. Kg2 g6 37. Kg3 f5 38. Bd5 g5 39. h4 Ke7 40. hxg5 hxg5 41. Kg2 Kd6 42. Bg8 Nc6 43. b4 Ne7 44. Bf7 Kc6 45. c4 b6 46. axb6 Kxb6 47. Be6 a5 48. bxa5+ Kxa5 49. Kf1 Kb4 50. Ke2 Kc5 51. Kd3 Kd6 52. Bf7 Nc6 53. Bg6 Ke6 54. Bh7 Nd4 55. Bg8+ Kd6 56. Bd5 Ne6 57. Ba8 Nc5+ 58. Ke3 Kc7 59. Bd5 Kd6 60. Ba8 Ne6 61. Bd5 Nd4 62. Kd3 Kc5 63. Ba8 Ne6 64. Ke3 Kxc4 65. Bc6 Kc5 66. Bd7 Kd6 67. Bc8 Ke7 68. Ba6 Kf6 69. Bc8 Nf4 70. Bb7 Ng2+ 71. Kd2 Nh4 72. Kd1 Ke6 73. Ke2 Kd6 74. Bc8 Kc5 75. Ba6 Kd4 76. Bc8 f4 77. Bd7 Ng6 78. Bc6 Ne7 79. Be4 Nc8 80. Kd2 Nd6 81. Bc6 Nc4+ 82. Ke2 Nd6 83. Ba8 Kc3 84. Bc6 Nf5 85. Be4 Nd4+ 86. Ke1 Nb3 87. Kd1 Nc5 88. Bd5 Kd4 89. Bc6 Kd3 90. Ke1 Nb3 91. Bb5+ Kc2 92. Bc6 Nd4 93. Bd5 Kc1 94. Be4 Kb2 95. Bd5 Kc2 96. Be4+ Kc3 97. Bd5 Nf5 98. Be4 Nd6 99. Bd5 Kd3 100. Bc6 e4 101. fxe4 Nxe4 102. Kf1 Nf6 103. Kg2 Ke2 104. Bb5+ Kd2 105. Bc6 Ke2 106. Bb5+ Kd2 107. Bc6 Kc3 108. Bb5 Kd4 109. Bc6 Ke5 110. Bb7 Kd6 111. Bf3 Kc5 112. Be2 Kb6 113. Bf3 Kc7 114. Be2 Kd6 115. Bf3 Ke5 116. Be2 Ke4 117. Bf3+ Kd4 118. Be2 g4 119. Bd1 Ke4 120. Bc2+ Ke5 121. Bd1 Kf5 122. Bc2+ Kg5 123. Bd1 f3+ 124. Bxf3 gxf3+ 125. Kxf3 Kf5 126. Ke3 Ng4+ 127. Kd3 Nxf2+ 1/2-1/2

[Event "Titled Tuesday intern op 21st Sept"]
[Site "Chess.com INT"]
[Date "2021.09.21"]
[Round "7"]
[White "Krassilnikov, Evgeni"]
[Black "Le Goff, Damien"]
[Result "1-0"]
[WhiteElo "2381"]
[BlackElo "2342"]
[PlyCount "39"]
[EventDate "2021.09.21"]
[EventType "swiss (blitz)"]
[EventRounds "9"]
[EventCountry "USA"]
[SourceTitle "EXT 2022"]
[Source "ChessBase"]
[SourceDate "2021.10.06"]
[SourceVersion "1"]
[SourceVersionDate "2021.10.06"]
[SourceQuality "1"]

1. e4 c6 2. d4 d5 3. e5 c5 4. dxc5 Nc6 5. Nf3 e6 6. a3 Bxc5 7. b4 Bb6 8. Bd3 Nge7 9. 0-0 Ng6 10. Re1 Bd7 11. Qe2 Nd4 12. Nxd4 Bxd4 13. c3 Bb6 14. a4 f5 15. a5 Bc7 16. f4 0-0 17. Be3 b6 18. a6 Rc8 19. Nd2 Nh8 20. Nf3 1-0

[Event "Titled Tuesday intern op 21st Sept"]
[Site "Chess.com INT"]
[Date "2021.09.21"]
[Round "2"]
[White "Le Goff, Damien"]
[Black "Nazaretyan, Tigran"]
[Result "0-1"]
[WhiteElo "2342"]
[BlackElo "2316"]
[PlyCount "50"]
[EventDate "2021.09.21"]
[EventType "swiss (blitz)"]
[EventRounds "9"]
[EventCountry "USA"]
[SourceTitle "EXT 2022"]
[Source "ChessBase"]
[SourceDate "2021.10.06"]
[SourceVersion "1"]
[SourceVersionDate "2021.10.06"]
[SourceQuality "1"]

1. d4 Nf6 2. c4 c5 3. d5 b5 4. cxb5 a6 5. bxa6 Bxa6 6. Nc3 g6 7. e4 Bxf1 8. Kxf1 d6 9. Nf3 Qc8 10. h3 Qa6+ 11. Kg1 Bg7 12. Kh2 0-0 13. Re1 Nbd7 14. a4 Rfb8 15. Nb5 Rxb5 16. axb5 Qxa1 17. Qe2 Qa5 18. Bf4 Rb8 19. e5 Nxd5 20. Bg3 Qxb5 21. Qe4 e6 22. exd6 Qxb2 23. h4 Rb4 24. Qd3 c4 25. Qd1 c3 0-1

[Event "La Plagne op 1st"]
[Site "La Plagne"]
[Date "2021.08.07"]
[Round "8.1"]
[White "Velten, Paul"]
[Black "Le Goff, Damien"]
[Result "1/2-1/2"]
[WhiteElo "2476"]
[BlackElo "2295"]
[PlyCount "107"]
[EventDate "2021.08.02"]
[EventType "swiss"]
[EventRounds "9"]
[EventCountry "FRA"]
[SourceTitle "EXT 2023"]
[Source "ChessBase"]
[SourceDate "2022.10.05"]
[SourceVersion "1"]
[SourceVersionDate "2022.10.05"]
[SourceQuality "1"]

1. d4 d5 2. c4 c6 3. Nf3 Nf6 4. Qc2 dxc4 5. Qxc4 Bf5 6. g3 e6 7. Bg2 Be7 8. 0-0 0-0 9. Bg5 Nbd7 10. Nc3 h6 11. Bxf6 Bxf6 12. Rfd1 Rc8 13. e3 b5 14. Qe2 b4 15. Na4 Qa5 16. b3 c5 17. Rac1 cxd4 18. Nxd4 Bxd4 19. exd4 Rc7 20. Qd2 Rfc8 21. Rxc7 Rxc7 22. a3 Rc2 23. Qe1 Nf6 24. axb4 Qa6 25. Rd2 Rxd2 26. Qxd2 Ne4 27. Qe3 Nf6 28. h3 Qb5 29. g4 Bg6 30. Qc3 h5 31. Bf3 hxg4 32. hxg4 Qg5 33. Qe3 Qb5 34. Qd2 Nd5 35. Bxd5 Qxd5 36. Qe3 Qb7 37. Nc5 Qxb4 38. Kg2 Qb6 39. f3 Qb4 40. Kh3 Qa5 41. d5 exd5 42. Qe8+ Kh7 43. Nd7 Qd2 44. Nf8+ Kh6 45. Qe5 Qc1 46. Qh2 Kg5 47. Qe5+ Kh6 48. Kg2 Qd2+ 49. Kg3 Qc1 50. Qd4 Qe1+ 51. Kh3 Qh1+ 52. Kg3 Qe1+ 53. Kh3 Qh1+ 54. Kg3 1/2-1/2

[Event "Cattolica op-A 8th"]
[Site "Cattolica"]
[Date "2021.06.03"]
[Round "8"]
[White "Alsina Leal, Daniel"]
[Black "Le Goff, Damien"]
[Result "1/2-1/2"]
[WhiteElo "2500"]
[BlackElo "2294"]
[PlyCount "41"]
[EventDate "2021.05.27"]
[EventType "swiss"]
[EventRounds "9"]
[EventCountry "ITA"]
[SourceTitle "CBM 203 Extra"]
[Source "ChessBase"]
[SourceDate "2021.09.30"]
[SourceVersion "1"]
[SourceVersionDate "2021.09.30"]
[SourceQuality "1"]

1. e4 e6 2. d4 d5 3. Nd2 c5 4. Ngf3 cxd4 5. Nxd4 Nc6 6. Bb5 Bd7 7. Nxc6 bxc6 8. Bd3 Bd6 9. Qe2 e5 10. f4 Nf6 11. fxe5 Bxe5 12. Nf3 Bg4 13. exd5 0-0 14. 0-0 Bd4+ 15. Kh1 Re8 16. Qd2 Bxf3 17. gxf3 Qxd5 18. Qg2 Re6 19. c3 Bb6 20. Bc2 Qb5 21. c4 1/2-1/2

[Event "Cattolica op-A 8th"]
[Site "Cattolica"]
[Date "2021.06.01"]
[Round "6"]
[White "Basso, Pier Luigi"]
[Black "Le Goff, Damien"]
[Result "1/2-1/2"]
[WhiteElo "2538"]
[BlackElo "2294"]
[PlyCount "45"]
[EventDate "2021.05.27"]
[EventType "swiss"]
[EventRounds "9"]
[EventCountry "ITA"]
[SourceTitle "CBM 203 Extra"]
[Source "ChessBase"]
[SourceDate "2021.09.30"]
[SourceVersion "1"]
[SourceVersionDate "2021.09.30"]
[SourceQuality "1"]

1. d4 f5 2. e4 fxe4 3. Nc3 Nf6 4. Bg5 g6 5. h4 d5 6. h5 Bf5 7. Bxf6 exf6 8. g4 Be6 9. hxg6 Qd7 10. g5 fxg5 11. Qh5 Qg7 12. Qxg5 c6 13. Nge2 hxg6 14. Nf4 Rxh1 15. Nxe6 Qh6 16. Qd8+ Kf7 17. Ng5+ Kg8 18. Qf6 Na6 19. Qe6+ Kg7 20. Qe5+ Kg8 21. Qe6+ Kg7 22. Qe5+ Kg8 23. Qe6+ 1/2-1/2

[Event "Cattolica op-A 8th"]
[Site "Cattolica"]
[Date "2021.05.28"]
[Round "2"]
[White "Le Goff, Damien"]
[Black "Triboi, Alexander"]
[Result "1-0"]
[WhiteElo "2294"]
[BlackElo "1966"]
[PlyCount "33"]
[EventDate "2021.05.27"]
[EventType "swiss"]
[EventRounds "9"]
[EventCountry "ITA"]
[SourceTitle "CBM 203 Extra"]
[Source "ChessBase"]
[SourceDate "2021.09.30"]
[SourceVersion "1"]
[SourceVersionDate "2021.09.30"]
[SourceQuality "1"]

1. d4 Nf6 2. c4 e6 3. Nf3 b6 4. g3 Bb7 5. Bg2 Be7 6. 0-0 0-0 7. Nc3 Ne4 8. Bd2 d6 9. Re1 Nd7 10. Qc2 Nxd2 11. Qxd2 e5 12. dxe5 dxe5 13. Rad1 Bc6 14. Qc2 Bd6 15. Ng5 Qxg5 16. Bxc6 Rad8 17. Nb5 1-0

[Event "Cattolica Summer GM Mix"]
[Site "Cattolica"]
[Date "2021.05.23"]
[Round "4"]
[White "Sorensen, Hampus"]
[Black "Le Goff, Damien"]
[Result "1-0"]
[WhiteElo "2395"]
[BlackElo "2294"]
[PlyCount "79"]
[EventDate "2021.05.21"]
[EventType "swiss"]
[EventRounds "9"]
[EventCountry "ITA"]
[SourceTitle "CBM 202 Extra"]
[Source "ChessBase"]
[SourceDate "2021.07.31"]
[SourceVersion "1"]
[SourceVersionDate "2021.07.31"]
[SourceQuality "1"]

1. d4 f5 2. Bf4 Nf6 3. e3 e6 4. Nf3 c5 5. Be2 Be7 6. 0-0 0-0 7. c4 Nh5 8. dxc5 Nxf4 9. exf4 Bxc5 10. Nc3 Nc6 11. Qd2 a6 12. a3 Qc7 13. g3 Be7 14. Rac1 d6 15. Rfe1 Re8 16. Bf1 Bd7 17. b4 Rad8 18. Qa2 Qb8 19. Rcd1 Bf6 20. Qb3 h6 21. Re3 Kh7 22. Red3 Bc8 23. h4 b5 24. cxb5 axb5 25. Re3 Na7 26. Nd4 Bxd4 27. Rxd4 e5 28. fxe5 Be6 29. Qc2 dxe5 30. Rxd8 Rxd8 31. Bd3 Rf8 32. g4 e4 33. Bxe4 fxe4 34. Qxe4+ Kh8 35. Qxe6 Qf4 36. Ne4 h5 37. gxh5 Qxh4 38. h6 Rg8 39. Rh3 gxh6+ 40. Qxg8+ 1-0

[Event "Cattolica op 7th"]
[Site "Cattolica"]
[Date "2020.09.01"]
[Round "2"]
[White "Le Goff, Damien"]
[Black "Van Foreest, Lucas"]
[Result "1-0"]
[WhiteElo "2281"]
[BlackElo "2522"]
[PlyCount "135"]
[EventDate "2020.08.31"]
[EventType "swiss"]
[EventRounds "9"]
[EventCountry "ITA"]
[SourceTitle "EXT 2021"]
[Source "ChessBase"]
[SourceDate "2020.10.23"]
[SourceVersion "1"]
[SourceVersionDate "2020.10.23"]
[SourceQuality "1"]

1. e4 g6 2. d4 Bg7 3. Nc3 d6 4. Be3 a6 5. Qd2 b5 6. h4 h5 7. Bd3 Nc6 8. Nf3 e5 9. d5 Nce7 10. Ng5 f6 11. Nh3 Nh6 12. f3 Nf7 13. a4 b4 14. Ne2 a5 15. Bb5+ Bd7 16. c4 0-0 17. 0-0-0 c6 18. dxc6 Be6 19. b3 Qc8 20. Kb1 Nxc6 21. Ka2 Na7 22. Nf2 Rd8 23. Bxa7 Rxa7 24. g4 Bh6 25. Qd3 Qc5 26. Rh2 Kh8 27. Rg1 Be3 28. Rgg2 Rg8 29. Nd1 Bh6 30. gxh5 g5 31. Ne3 gxh4 32. Rxg8+ Kxg8 33. Nf5 Bxf5 34. exf5 Bg5 35. Qe4 d5 36. Qxd5 Qxd5 37. cxd5 Rc7 38. Bd3 Kg7 39. f4 exf4 40. Nd4 Rc3 41. Rh3 f3 42. Rxf3 Ne5 43. d6 Kf7 44. d7 Ke7 45. Ne6 Kxd7 46. Bb5+ Ke7 47. Rxc3 bxc3 48. Kb1 h3 49. Bf1 h2 50. Bg2 Ng4 51. Nd4 Bf4 52. Bf3 Nf2 53. Kc2 h1Q 54. Bxh1 Nxh1 55. Nc6+ Kd7 56. Nxa5 Ng3 57. Kxc3 Nxf5 58. Kd3 Ng3 59. Nc4 Nxh5 60. Ke4 Ke6 61. a5 Bb8 62. b4 Ng3+ 63. Kd4 Nf5+ 64. Kc5 Nd6 65. Nxd6 Bxd6+ 66. Kc6 f5 67. a6 Bb8 68. b5 1-0

[Event "FRA-ch Blitz Online Qual"]
[Site "Europe Echecs INT"]
[Date "2020.05.16"]
[Round "6"]
[White "Le Goff, Damien"]
[Black "Kuhn, Clement"]
[Result "1-0"]
[WhiteElo "2281"]
[BlackElo "2150"]
[PlyCount "97"]
[EventDate "2020.05.16"]
[EventType "swiss (blitz)"]
[EventRounds "15"]
[EventCountry "FRA"]
[SourceTitle "CBM 196 Extra"]
[Source "ChessBase"]
[SourceDate "2020.07.31"]
[SourceVersion "1"]
[SourceVersionDate "2020.07.31"]
[SourceQuality "1"]

1. e4 c5 2. Nf3 Nc6 3. d4 cxd4 4. Nxd4 e5 5. Nb5 d6 6. N1c3 a6 7. Na3 b5 8. Nd5 Nge7 9. c4 Nd4 10. Bd3 Nxd5 11. exd5 Be7 12. 0-0 0-0 13. Be3 Nf5 14. Bd2 bxc4 15. Nxc4 Nd4 16. a4 Bb7 17. a5 f5 18. Nb6 Rb8 19. f4 e4 20. Bc4 Bf6 21. Be3 Nb5 22. Qe2 Qe8 23. Rac1 Bd8 24. Rc2 Bxb6 25. axb6 Rc8 26. Rfc1 Qf7 27. Bxb5 Rxc2 28. Rxc2 axb5 29. Qxb5 Bxd5 30. Rc7 Qe6 31. b7 Rb8 32. Bd4 e3 33. Rc8+ Kf7 34. Rxb8 e2 35. Qe8+ Qxe8 36. Rxe8 Bxb7 37. Rxe2 d5 38. Rc2 Kg6 39. Rc7 Ba6 40. Rc6+ Kh5 41. Rxa6 g6 42. h3 h6 43. Bg7 Kh4 44. Kh2 Kh5 45. Bd4 Kh4 46. Rxg6 Kh5 47. g4+ fxg4 48. hxg4+ Kh4 49. Bf6# 1-0

[Event "FRA-ch Blitz Online Qual"]
[Site "Europe Echecs INT"]
[Date "2020.05.16"]
[Round "11"]
[White "Mekhane, Adam"]
[Black "Le Goff, Damien"]
[Result "0-1"]
[WhiteElo "2013"]
[BlackElo "2281"]
[PlyCount "54"]
[EventDate "2020.05.16"]
[EventType "swiss (blitz)"]
[EventRounds "15"]
[EventCountry "FRA"]
[SourceTitle "CBM 196 Extra"]
[Source "ChessBase"]
[SourceDate "2020.07.31"]
[SourceVersion "1"]
[SourceVersionDate "2020.07.31"]
[SourceQuality "1"]

1. e4 e6 2. d4 d5 3. Nd2 Nc6 4. Ngf3 Nf6 5. e5 Nd7 6. Bb5 a6 7. Bxc6 bxc6 8. Nb3 a5 9. Be3 a4 10. Nc5 Nxc5 11. dxc5 Ba6 12. b4 axb3 13. axb3 Be7 14. Nd4 Qd7 15. b4 0-0 16. c3 Bc4 17. Ne2 f6 18. f4 fxe5 19. fxe5 Rxa1 20. Qxa1 Qe8 21. Nf4 Bg5 22. Qc1 Bxf4 23. Bxf4 Qh5 24. Qe3 Rxf4 25. Kd2 Re4 26. Qg3 Qxe5 27. Qg5 Qxg5+ 0-1

[Event "Reykjavik op"]
[Site "Reykjavik"]
[Date "2017.04.27"]
[Round "10"]
[White "Haessel, Dale R"]
[Black "Le Goff, Damien"]
[Result "0-1"]
[WhiteElo "2095"]
[BlackElo "2278"]
[PlyCount "76"]
[EventDate "2017.04.19"]
[EventType "swiss"]
[EventRounds "10"]
[EventCountry "ISL"]
[SourceTitle "CBM 178 Extra"]
[Source "ChessBase"]
[SourceDate "2017.06.22"]
[SourceVersion "1"]
[SourceVersionDate "2017.06.22"]
[SourceQuality "1"]

1. d4 Nf6 2. c4 g6 3. Nc3 Bg7 4. e4 d6 5. h3 Na6 6. Nf3 0-0 7. Bg5 Qe8 8. Be2 e5 9. d5 Nc5 10. Nd2 a5 11. Qc2 c6 12. g4 Bd7 13. Be3 cxd5 14. exd5 Qe7 15. 0-0-0 Rfc8 16. g5 Ne8 17. Bg4 f5 18. gxf6 Nxf6 19. Bxd7 Qxd7 20. Bxc5 Rxc5 21. Na4 Rac8 22. Nxc5 Rxc5 23. Nb3 Rc8 24. Nxa5 Ra8 25. b4 Nh5 26. Kb1 Nf4 27. f3 b6 28. Nc6 Ra3 29. Qe4 Nxh3 30. Kb2 Nf2 31. Qh4 Rxf3 32. Qxh7+ Kf7 33. Rdg1 Nd3+ 34. Kb1 Nf4 35. Qh2 Qf5+ 36. Qc2 Nd3 37. Nd8+ Kg8 38. Rh2 Rf1+ 0-1